000 00758nam a2200241 i 4500
001 bg
245 1 0 _aSpołeczeństwo w procesie zmian :
_bzarys socjologii ogólnej /
_cRyszard Dyoniziak [et al.].
250 _aWyd.3 rozsz. i uzup.
260 _aZielona Góra :
_bZachodnie Centrum Organizacji,
_c1999.
300 _a336 s. ;
_c21 cm.
504 _aBibliogr.
650 9 _aSocjologia
655 _aPodręczniki
700 1 _aDYONIZIAK, Ryszard
020 _a8387161055
040 _cBPK
041 0 _apl
080 _a316(07)
920 _a83-87161-05-5
942 _cKS
008 s pl f |000 0 pol
999 _c40470
_d40470
856 _uhttp://koha.tu.koszalin.pl/cgi-bin/koha/opac-detail.pl?biblionumber=40470
_yKatalog online BPK